00396 a2200157 4500003000400000005001700004008004100021020001500062040000900077082001500086100002300101245004700124250001300171260004400184300001000228OSt20231213101640.0231213b |||||||| |||| 00| 0 eng d a8130000032 coclc a910bKAK/H aKakkanadan, Rajan  aHimavante Mukalthattil /cRajan Kakkanadan a20th ed. aKozhikode:bPoorna Publications,c2023. a128p.